书目信息 |
| 题名: |
有机波谱分析
|
|
| 作者: | 陈洁 , 宋启泽 编著 | |
| 分册: | ||
| 出版信息: | 北京 北京理工大学出版社 1996 |
|
| 页数: | 255页 | |
| 开本: | 26cm | |
| 丛书名: | ||
| 单 册: | ||
| 中图分类: | O657.31 | |
| 科图分类: | 54.6465 | |
| 主题词: | 有机分析:波谱分析--高等学校--教材 , 波谱分析:有机分析--高等学校--教材 | |
| 电子资源: | ||
| ISBN: | 7-81045-135-9 | |
| 000 | 00861cam0 2200289 45 | |
| 001 | 0197105679 | |
| 005 | 20050107150624.23 | |
| 010 | @a7-81045-135-9@dCNY 19.00 | |
| 100 | @a19970318e20001996em y0chiy0120 ea | |
| 101 | 0 | @achi |
| 102 | @aCN@b110000 | |
| 105 | @ay z 000yy | |
| 200 | 10 | @a有机波谱分析@Ayou ji bo pu fen xi@f陈洁,宋启泽编著 |
| 210 | @a北京@c北京理工大学出版社@d1996@h2000重印 | |
| 215 | @a255页@d26cm | |
| 300 | @a普通高等教育兵工类规划教材 | |
| 314 | @a陈洁,南京理工大学任教 | |
| 314 | @a宋启泽,南京理工大学任教 | |
| 606 | @a有机分析:波谱分析@x高等学校@x教材 | |
| 606 | @a波谱分析:有机分析@x高等学校@x教材 | |
| 690 | @aO657.31@v3 | |
| 692 | @a54.6465@v2 | |
| 701 | 0 | @a陈洁@Achen jie@4编著 |
| 701 | 0 | @a宋启泽@Asong qi ze@4编著 |
| 801 | 0 | @aCN@bNLC@c20050107 |
| 801 | 2 | @aCN@bCEPC@c20010423 |
| 905 | @a10447@dO657.31@eC461 | |
| 有机波谱分析/陈洁,宋启泽编著.-北京:北京理工大学出版社,1996(2000重印) |
| 255页;26cm |
| 普通高等教育兵工类规划教材 |
| ISBN 7-81045-135-9:CNY 19.00 |
| ● |
| 相关链接 |
|
|
|
正题名:有机波谱分析
索取号:O657.31/C461
 
预约/预借
| 序号 | 登录号 | 条形码 | 馆藏地/架位号 | 状态 | 备注 |
| 1 | 435340 | 204353403 | 自科库401/401自科库 96排2列3层/ [索取号:O657.31/C461] | 在馆 | |
| 2 | 435341 | 204353412 | 自科库401/401自科库 96排2列3层/ [索取号:O657.31/C461] | 在馆 | |
| 3 | 435342 | 204353421 | 自科库401/401自科库 96排2列3层/ [索取号:O657.31/C461] | 在馆 |